00393nam a2200157Ia 4500003000400000005001700004008004100021020001500062040000900077082001700086100002300103245004300126260003900169300000900208650001800217OSt20200630142429.0190216s9999||||xx |||||||||||||| ||und|| a0882250647 coclc a909.4bWIL/E aWilliams, Neville  0aExpanding Horizons /cNeville Williams bNews Week Books,c1974.aNew York: a160p aWorld History